Statistics for College Football Matchups: Texas

Click here to take the quiz!

General Stats

  • This quiz has been taken 85 times
  • The average score is 12 of 16

Answer Stats

# of GamesOpponentLast Meeting% Correct
117Oklahoma10/09/2021
100%
118Texas A&M11/24/2011
93%
71Texas Tech09/25/2021
91%
20Kansas11/13/2021
90%
22Kansas State11/26/2021
88%
111Baylor10/30/2021
87%
36Oklahoma State10/16/2021
85%
92TCU10/02/2021
84%
19Iowa State11/06/2021
72%
25Houston09/21/2002
67%
96Rice09/18/2021
67%
79Arkansas09/11/2021
66%
19Colorado12/29/2020
66%
73SMU09/30/1995
64%
24Missouri12/27/2017
63%
19Tulane09/27/2003
30%

Score Distribution

Percentile by Number Answered

Percent of People with Each Score

Your Score History

You have not taken this quiz